Úprava ruží pred zimou

Bibliographic Details
Main Author: Nádaský, V. (Author)
Format: Article
Language:Slovak
PhysicalDescription:Fotogr., obr.
ISSN:0862-5565
Subjects:

MARC

LEADER 00000nab a2200000 a 4500
001 vtls000750188
003 SK-MaSNL
005 20260302192605.0
008 180205c2000 xo 0 slo
015 |a SNBRB2001/03-07048 
035 |a CLN000101990 
040 |a SNKBUCL  |b slo  |c SNKBUCL  |e AACR2 
041 0 |a slo 
044 |a xo  |c SK 
080 |a 635.92:582.734.4  |2 UDC-MRF-SK2 
100 1 |a Nádaský, V.  |4 aut  |9 839320 
245 1 0 |a Úprava ruží pred zimou  |c V. Nádaský 
300 |b Fotogr., obr. 
650 0 7 |a ruže  |x príprava na prezimovanie  |2 snkbucl  |9 909976 
655 7 |a články z novín a časopisov  |2 snkbucl  |9 267496 
773 0 |x 0862-5565  |t Záhradkár  |g Roč. 36, č. 11 (2000), s. 31 
850 |a Slovenská národná knižnica v Martine 
852 |a SNK  |b KIS3GCP 
958 |a RBX 
999 |c 1441345  |d 1443275